Handy facts on U.S.-Japan trade

保存先:
書誌詳細
フォーマット: 図書
言語:Undetermined
出版事項: Tokyo Japan External Trade Organization 1998
主題:
タグ: タグ追加
タグなし, このレコードへの初めてのタグを付けませんか!
Thư viện lưu trữ: Trung tâm Học liệu Trường Đại học Cần Thơ
LEADER 00514nam a2200181Ia 4500
001 CTU_97445
008 210402s9999 xx 000 0 und d
082 |a 337.73052 
082 |b H236 
245 0 |a Handy facts on U.S.-Japan trade 
260 |a Tokyo 
260 |b Japan External Trade Organization 
260 |c 1998 
650 |a Investments, American,Investments, American 
650 |x Statistics,Statistics 
650 |z Japan 
904 |i Năm 
980 |a Trung tâm Học liệu Trường Đại học Cần Thơ